Les plus belles actrices de cinéma (International) - Statistiques

Statistiques générales
  • Ce quiz a été pris 553 fois
  • Le résultat moyen est 5 sur 30
Statistiques - réponses
Actrice Film / série le plus connu % Correct
3 Margot Robbie Le Loup de Wall Street (2013)
67%
11 Scarlett Johansson Lucy (2014)
53%
13 Natalie Portman Léon (1994)
44%
27 Gal Gadot Wonder Woman (2017)
42%
23 Emma Mackey Sex Education (2019)
41%
2 Sydney Sweeney Euphoria
38%
1 Ana de Armas À couteaux tirés (2019)
28%
8 Jenna Ortega The Fallout (2022)
28%
18 Zoe Saldaña Avatar (2009)
24%
10 Elizabeth Olsen Avengers: Infinity War (2018)
21%
14 Rachel McAdams Il était temps (2013)
19%
4 Mila Kunis Ted (2012)
18%
19 Rachel Zegler Blanche Neige (2025)
18%
5 Anya Taylor-Joy Furiosa - Une saga Mad Max (2024)
15%
30 Eva Mendes 2 Fast 2 Furious (2003)
8%
25 Alicia Vikander Tomb Raider (2018)
7%
28 Christina Ricci La Famille Addams (1991)
7%
29 Emily Ratajkowski Cruise (2018)
5%
12l Freida Pinto Les Immortels (2011)
4%
24 Paula Patton Mission: Impossible - Protocole fantôme (2011)
4%
15 Eiza Gonzalez Baby Driver (2017)
3%
7 Miriam Leone Bienvenue en Sicile (2016)
3%
9 Quintessa Swindell Black Adam (2022)
3%
20 Emmanuelle Chriqui L'Alchimie de Noël (2019)
2%
22 Golshifteh Farahani Mensonges d'État (2008)
2%
26 Jasmine Trinca Romanzo criminale (2005)
2%
21 Jun Ji-Hyun (Gianna Jun) My Sassy Girl (2001)
2%
16 Sanaa Lathan Alien vs. Predator (2004)
2%
6 Carmen Ejogo Les Animaux fantastiques (2016)
1%
17 Inma Cuesta Julieta (2016)
1%
Aucun quiz correspondant
Distribution des résultats
% des personnes avec chaque résultat
Percentile par nombre de réponses
Votre historique - résultats
Vous n’avez pas pris ce quiz